China's economy : (Record no. 123749)
[ view plain ]
| 000 -LEADER | |
|---|---|
| fixed length control field | 00630nam a22002177a 4500 |
| 005 - DATE AND TIME OF LATEST TRANSACTION | |
| control field | 20170124105929.0 |
| 010 ## - LIBRARY OF CONGRESS CONTROL NUMBER | |
| LC control number | A-025811 |
| 020 ## - INTERNATIONAL STANDARD BOOK NUMBER | |
| International Standard Book Number | 0246114088 |
| Terms of availability | 00.00 |
| 035 ## - SYSTEM CONTROL NUMBER | |
| System control number | A-025811 |
| 037 ## - SOURCE OF ACQUISITION | |
| Source of stock number/acquisition | Cen Lib/Ret |
| 040 ## - CATALOGING SOURCE | |
| Original cataloging agency | DPL |
| Language of cataloging | EN |
| 082 ## - DEWEY DECIMAL CLASSIFICATION NUMBER | |
| Classification number | 330.951 |
| Item number | HOW |
| 100 ## - MAIN ENTRY--PERSONAL NAME | |
| Personal name | Howe, Christopher |
| 9 (RLIN) | 7918 |
| 245 ## - TITLE STATEMENT | |
| Title | China's economy : |
| Statement of responsibility, etc | by Christopher Howe |
| Remainder of title | a basic guide / |
| 260 ## - PUBLICATION, DISTRIBUTION, ETC. (IMPRINT) | |
| Place of publication, distribution, etc | London |
| Name of publisher, distributor, etc | Granada Publishing |
| Date of publication, distribution, etc | 1980 |
| 270 ## - ADDRESS | |
| Address | 3Upper James Street |
| City | London |
| 300 ## - PHYSICAL DESCRIPTION | |
| Extent | viii, 251p. |
| Dimensions | 21cm(Hb) |
| 650 ## - SUBJECT ADDED ENTRY--TOPICAL TERM | |
| Topical term or geographic name as entry element | Economic policy |
| 9 (RLIN) | 3998 |
| 650 ## - SUBJECT ADDED ENTRY--TOPICAL TERM | |
| Topical term or geographic name as entry element | Economic history |
| 9 (RLIN) | 6496 |
| 942 ## - ADDED ENTRY ELEMENTS (KOHA) | |
| Source of classification or shelving scheme | Dewey Decimal Classification |
| Koha item type | English Books |
| Classification part | 330.951 |
| Call number suffix | HOW |
| Withdrawn status | Lost status | Damaged status | Not for loan | Home library | Current library | Date acquired | Source of acquisition | Cost, normal purchase price | Total Checkouts | Full call number | Barcode | Date last seen | Copy number | Cost, replacement price | Price effective from | Koha item type | Public note |
|---|---|---|---|---|---|---|---|---|---|---|---|---|---|---|---|---|---|
| Written off | Central Library | Central Library | 11/06/2015 | Cen Lib/Ret | 0.00 | 330.951 HOW | A-025811 | 11/06/2015 | 1 | 0.00 | 11/06/2015 | English Books | Written off on approval by DLB (By Circulation); dtd 15-06-2023 |
